000 00305nam a22001337a 4500
003 SGT
020 _a9780803957213
082 _a362.2042
_bF96L
100 _aLEFEY, HARRIEF P.
245 _aFAMILY CAREGIVING IN MENTAL ILLNESS
260 _aLONDON
_bSAGE PUB
_c1996
300 _a261
942 _2ddc
_cBK
999 _c13908
_d13908